Car Models by Picture #18 - Statistics

General Stats
  • This quiz has been taken 115 times
  • The average score is 6 of 12
Answer Stats
Picture Hint Answer % Correct
Ford Focus
88%
Dodge Challenger
87%
Lamborghini Diablo
78%
Mazda RX-7
65%
Nissan Qashqai
61%
Aston Martin DB11
55%
Chrysler 300
45%
Lada Niva
42%
Ineos Grenadier
30%
Triumph Spitfire
22%
Lexus SC 430
21%
Austin-Healey Sprite
17%
No matching quizzes found
Score Distribution
Percent of People with Each Score
Percentile by Number Answered
Your Score History
You have not taken this quiz